000 00810nam a2200241Ia 4500
003 OSt
005 20220209123343.0
008 210716s2003 xx 000 0 und d
020 _a9788131503844
040 _cAIMIT LIBRARY
041 _aeng
082 _a658.4
_25
_bNELD
100 _aNelson, Debra L.
_918496
245 _aOrganizational behavior :
_bfoundations realities and challenges /
_cBy Debra L Nelson and James Campbell Quick.
250 _a5th ed.
260 _aAustralia :
_bThomson south western ;
_c2003.
300 _axxxvii, 636p ;l-20 ;
_c27cm
650 _aOrganizational behavior and opportunity
_918497
650 _aIndividual processes and behavior
_918498
650 _aMotivtaion at work
_918499
700 _aQuick, James Campbell.
_918500
942 _2ddc
_cBK
_e5th
_k658.4 NELD
999 _c206415
_d206415